The Be Collaborative Contract (Record no. 73784)

MARC details
000 -LEADER
fixed length control field 01014cam a2200229 4500
001 - CONTROL NUMBER
control field ABS67215
008 - FIXED-LENGTH DATA ELEMENTS--GENERAL INFORMATION
fixed length control field 031113n2003 000 0 eng u
035 ## - SYSTEM CONTROL NUMBER
System control number (Sirsi) u124308
100 ## - MAIN ENTRY--PERSONAL NAME
Personal name Dixon, G.
245 #4 - TITLE STATEMENT
Title The Be Collaborative Contract
260 ## - PUBLICATION, DISTRIBUTION, ETC.
Date of publication, distribution, etc. 2003
490 ## - SERIES STATEMENT
Series statement Construction News
Volume/sequential designation (6840) 30 October 2003, 38-39(2)
520 ## - SUMMARY, ETC.
Summary, etc. Reviews the new Be Collaborative Contract (BCC) which has been designed to encourage collaborative working and proper management of risk. The BCC is written so that it can be used by everyone on a construction project. However, certain clauses do not apply when the contract involves the appointment of a consultant and some clauses only apply when the contract is used as a sub-contract.
590 ## - LOCAL NOTE (RLIN)
Local note ABS
650 ## - SUBJECT ADDED ENTRY--TOPICAL TERM
Topical term or geographic name entry element RISK MANAGEMENT
650 ## - SUBJECT ADDED ENTRY--TOPICAL TERM
Topical term or geographic name entry element COLLABORATION
650 ## - SUBJECT ADDED ENTRY--TOPICAL TERM
Topical term or geographic name entry element BUILT ENVIRONMENT-BUILDING CONTRACT FORMS
650 ## - SUBJECT ADDED ENTRY--TOPICAL TERM
Topical term or geographic name entry element BE COLLABORATIVE CONTRACT
650 ## - SUBJECT ADDED ENTRY--TOPICAL TERM
Topical term or geographic name entry element SUBCONTRACTS
690 ## - LOCAL SUBJECT ADDED ENTRY--TOPICAL TERM (OCLC, RLIN)
Topical term or geographic name as entry element BUILT ENVIRONMENT-BUILDING CONTRACT FORMS
942 ## - ADDED ENTRY ELEMENTS (KOHA)
Suppress in OPAC 0
Holdings
Withdrawn status Lost status Source of classification or shelving scheme Damaged status Not for loan Home library Current library Shelving location Date acquired Total Checkouts Full call number Barcode Date last seen Copy number Price effective from Koha item type
    Dewey Decimal Classification     London London Journal article 13/11/2003   ABS67215 124308-1001 06/08/2019 1 06/08/2019 Journal article